SELF ASSESSMENT IN BIOCHEMISTRY (Record no. 33)

MARC details
000 -LEADER
fixed length control field 00350nam a2200145Ia 4500
008 - FIXED-LENGTH DATA ELEMENTS--GENERAL INFORMATION
fixed length control field 150201s1993 xx 000 0 und d
082 ## - DEWEY DECIMAL CLASSIFICATION NUMBER
Classification number 612.015
Item number S93P
100 ## - MAIN ENTRY--PERSONAL NAME
Personal name PANT, M.C.
245 ## - TITLE STATEMENT
Title SELF ASSESSMENT IN BIOCHEMISTRY
250 ## - EDITION STATEMENT
Edition statement 1ST
260 ## - PUBLICATION, DISTRIBUTION, ETC. (IMPRINT)
Name of publisher, distributor, etc. JAYPEE BROTHERS
Place of publication, distribution, etc. DELHI
Date of publication, distribution, etc. 1993
300 ## - PHYSICAL DESCRIPTION
Extent 1-298
650 ## - SUBJECT ADDED ENTRY--TOPICAL TERM
Topical term or geographic name as entry element BIOCHEMISTRY
942 ## - ADDED ENTRY ELEMENTS (KOHA)
Source of classification or shelving scheme Dewey Decimal Classification
Koha item type Books
Koha issues (borrowed), all copies 1
Holdings
Withdrawn status Lost status Source of classification or shelving scheme Damaged status Not for loan Collection code Home library Current library Shelving location Date acquired Source of acquisition Cost, normal purchase price SGTU Bill Number Total Checkouts Full call number Barcode Date last seen Bill Date Koha item type Date last checked out
    Dewey Decimal Classification     MEDICAL SGT Medical Library SGT Medical Library Text Book 06/02/2010 JAYPEE 200.00 SGTU 7215   612.015 S93P FM199 09/02/2015 07/03/2011 Books  
    Dewey Decimal Classification     MEDICAL SGT Medical Library SGT Medical Library Text Book 06/02/2010 JAYPEE 200.00 SGTU 7215 2 612.015 S93P FM200 15/03/2022 07/03/2011 Books 15/03/2022
    Dewey Decimal Classification     MEDICAL SGT Medical Library SGT Medical Library Text Book 08/03/2010 JAYPEE 200.00 SGTU 7892 1 612.015 S93P FM4107 03/11/2017 08/03/2010 Books 02/11/2017
    Dewey Decimal Classification     MEDICAL SGT Medical Library SGT Medical Library Text Book 08/03/2010 JAYPEE 200.00 SGTU 7892   612.015 S93P FM4108 09/02/2015 08/03/2010 Books